Information Systems for Modern Management

Salvato in:
Dettagli Bibliografici
Autore principale: Murdick, Robert G.
Altri autori: Ross, Joel E., Claggett, James R.
Natura: Libro
Lingua:inglese
Pubblicazione: Englewood Cliffs Prentice-Hall 1984
Edizione:3. ed.
Soggetti:
Tags: Aggiungi Tag
Nessun Tag, puoi essere il primo ad aggiungerne!!

MARC

LEADER 00000nam a2200000 4500
001 c005115
005 20221207073701.7
020 |a 0-13-464736-X 
041 0 |a eng 
044 |a US 
245 1 0 |a Information Systems for Modern Management  |c Robert G. Murdick, Joel E. Ross, James R. Claggett 
250 |a 3. ed. 
264 1 |a Englewood Cliffs  |b Prentice-Hall  |c 1984 
300 |a 466 s. 
610 2 0 |a manažment 
610 2 0 |a systémy informačné 
610 2 0 |a teória organizácie 
610 2 0 |a obchod 
610 2 0 |a manažéri 
610 2 0 |a systémy počítačové 
610 2 0 |a plánovanie strategické 
610 2 0 |a modelovanie 
100 1 |a Murdick, Robert G. 
700 1 |a Ross, Joel E. 
700 1 |a Claggett, James R.